The worry website / (Record no. 2357)
[ view plain ]
| 000 -LEADER | |
|---|---|
| fixed length control field | 01199cam a2200361 a 4500 |
| 001 - CONTROL NUMBER | |
| control field | 2357 |
| 003 - CONTROL NUMBER IDENTIFIER | |
| control field | FISKH |
| 005 - DATE AND TIME OF LATEST TRANSACTION | |
| control field | 20231120091420.0 |
| 008 - FIXED-LENGTH DATA ELEMENTS--GENERAL INFORMATION | |
| fixed length control field | 021107s2002 enka c 000 1 eng |
| 010 ## - LIBRARY OF CONGRESS CONTROL NUMBER | |
| LC control number | 2002489613 |
| 020 ## - INTERNATIONAL STANDARD BOOK NUMBER | |
| International Standard Book Number | 0385603088 |
| 020 ## - INTERNATIONAL STANDARD BOOK NUMBER | |
| International Standard Book Number | 9780440864806 |
| 035 ## - SYSTEM CONTROL NUMBER | |
| System control number | (UkLWHE)e000574087 |
| 040 ## - CATALOGING SOURCE | |
| Original cataloging agency | DLC |
| Transcribing agency | DLC |
| Modifying agency | DLC |
| Language of cataloging | eng |
| 042 ## - AUTHENTICATION CODE | |
| Authentication code | lcac |
| 050 00 - LIBRARY OF CONGRESS CALL NUMBER | |
| Classification number | PZ7.W6957 |
| Item number | Wo 2002 |
| 082 00 - DEWEY DECIMAL CLASSIFICATION NUMBER | |
| Classification number | [Fic] |
| Edition number | 22 |
| 100 1# - MAIN ENTRY--PERSONAL NAME | |
| Personal name | Wilson, Jacqueline. |
| 245 14 - TITLE STATEMENT | |
| Title | The worry website / |
| Statement of responsibility, etc. | Jacqueline Wilson ; illustrated by Nick Sharratt. |
| 250 ## - EDITION STATEMENT | |
| Edition statement | Edition published in 2003 |
| 260 ## - PUBLICATION, DISTRIBUTION, ETC. | |
| Place of publication, distribution, etc. | London : |
| Name of publisher, distributor, etc. | Doubleday, |
| Date of publication, distribution, etc. | 2002. |
| 300 ## - PHYSICAL DESCRIPTION | |
| Extent | 127 pages : |
| Other physical details | illustrations ; |
| Dimensions | 20 cm |
| 505 ## - FORMATTED CONTENTS NOTE | |
| Formatted contents note | P<br/> |
| 520 ## - SUMMARY, ETC. | |
| Summary, etc. | Mr. Speed creates a website on which his students can anonymously type their worries and get feedback from their classmates, which helps them sort out everything from pimples to stepfamily problems. |
| 521 8# - TARGET AUDIENCE NOTE | |
| Target audience note | 650<br/> |
| Source | Lexile<br/> |
| 521 8# - TARGET AUDIENCE NOTE | |
| Target audience note | P<br/> |
| Source | Raz-Plus<br/> |
| 650 #1 - SUBJECT ADDED ENTRY--TOPICAL TERM | |
| Topical term or geographic name entry element | Worry |
| Form subdivision | Fiction. |
| 650 #1 - SUBJECT ADDED ENTRY--TOPICAL TERM | |
| Topical term or geographic name entry element | Web sites |
| Form subdivision | Fiction. |
| 650 #1 - SUBJECT ADDED ENTRY--TOPICAL TERM | |
| Topical term or geographic name entry element | Schools |
| Form subdivision | Fiction. |
| 700 1# - ADDED ENTRY--PERSONAL NAME | |
| Personal name | Sharratt, Nick |
| Relator term | illustrator |
| 906 ## - LOCAL DATA ELEMENT F, LDF (RLIN) | |
| a | 7 |
| b | cbc |
| c | origres |
| d | 3 |
| e | ncip |
| f | 20 |
| g | y-gencatlg |
| 942 ## - ADDED ENTRY ELEMENTS (KOHA) | |
| Source of classification or shelving scheme | Dewey Decimal Classification |
| Koha item type | Books |
| Suppress in OPAC | No |
| Withdrawn status | Lost status | Source of classification or shelving scheme | Damaged status | Not for loan | Collection | Home library | Current library | Shelving location | Date acquired | Total Checkouts | Full call number | Barcode | Date last seen | Price effective from | Koha item type |
|---|---|---|---|---|---|---|---|---|---|---|---|---|---|---|---|
| Dewey Decimal Classification | Juvenile Fiction | Footprints International School Library Network Toul Kork Campus | Footprints International School Library Network Toul Kork Campus | TK Primary Library Room(4th Floor), Bookcase 5&6, Shelves 33-56, Orange Books | 11/20/2023 | WIL 823.914 PZ7.W6957 | FISTKG4A040 | 11/20/2023 | 11/20/2023 | Books |
